header

Scientific evidence and equal protection of the law (Record no. 88110)

MARC details
000 -LEADER
fixed length control field 01768nam a22003974a 4500
082 04 - DEWEY DECIMAL CLASSIFICATION NUMBER
Classification number 342.7308/7
100 1# - MAIN ENTRY--AUTHOR NAME
Personal name Ancheta, Angelo N.,
245 10 - TITLE STATEMENT
Title Scientific evidence and equal protection of the law
260 ## - PUBLICATION, DISTRIBUTION, ETC. (IMPRINT)
Place of publication New Brunswick, N.J. :
Name of publisher Rutgers University Press,
Year of publication c2006.
300 ## - PHYSICAL DESCRIPTION
Number of Pages xiii, 190 p.
505 0# - FORMATTED CONTENTS NOTE
Formatted contents note Science and law, ideology, and inequality -- Desegregation and "modern authority" -- Science and equal protection -- Proving discrimination -- Science, advocacy, and fact finding -- Directions and conclusions.
650 #0 - SUBJECT ADDED ENTRY--TOPICAL TERM
Topical Term Discrimination
Topical Term Equality before the law
Topical Term Discrimination
Topical Term Equality before the law
Topical Term Science and law.
856 40 - ELECTRONIC LOCATION AND ACCESS
Uniform Resource Identifier http://site.ebrary.com/lib/rucke/Doc?id=10146782

No items available.

© 2026 Rongo University
Contact us: librarian | system librarian | Rongo university